000 00719nam a22002177a 4500
003 UA-OsUOA
001 78365
007 ta
008 20111011b un ||||| |||| 00| 0 ukr d
100 _aДяченко О.В.
090 _a902
_bД99
942 _cSA
040 _aUA-OsUOA
_bukr
_cUA-OsUOA
_dUA-OsUOA
245 _aЗастосування теорії центральних місць в археології для визначення відносних дат і розмірів поселень
300 _aС,3-10 с.
955 _a0
041 _aukr
080 _a902
773 0 _w78364
_tАрхеологія
_dК.
_d2011
_g3
650 7 _a9 Географія. Біографії. Історія
_2UDC
999 _c364676
_d364676